Северо-Двинские роскопки проф. В.П. Амалицкого. 5: Северо-Двинский тероцефал Anna Petri gen. sp. nov. (Запись № 13566341)

Подробности
000 -МАРКЕР
контрольное поле 00965nam2a2200241 4500
001 - ИДЕНТИФИКАТОР ЗАПИСИ
контрольное поле rc\2662786
005 - ИДЕНТИФИКАТОР ВЕРСИИ
контрольное поле 20260315043818.0
035 ## - ДРУГИЕ СИСТЕМНЫЕ НОМЕРА
Идентификатор записи (NLR Aleph) 006969551
100 ## - ДАННЫЕ ОБЩЕЙ ОБРАБОТКИ
Данные общей обработки 20110617d1927 u y0rusy50 ca
101 0# - ЯЗЫК РЕСУРСА
Язык текста, звукозаписи и т.д. русский
102 ## - СТРАНА ПУБЛИКАЦИИ ИЛИ ПРОИЗВОДСТВА
Страна публикации российская федерация
105 ## - ПОЛЕ КОДИРОВАННЫХ ДАННЫХ: ТЕКСТОВЫЕ МАТЕРИАЛЫ, МОНОГРАФИЧЕСКИЕ
Кодированные данные о монографическом текстовом документе y z |||||
200 1# - ЗАГЛАВИЕ И СВЕДЕНИЯ ОБ ОТВЕТСТВЕННОСТИ
Основное заглавие Северо-Двинский тероцефал Anna Petri gen. sp. nov.
210 ## - ПУБЛИКАЦИЯ, РАСПРОСТРАНЕНИЕ И ДР.
Дата издания, распространения и т.д. 1927
461 #0 - УРОВЕНЬ НАБОРА
Встроенное поле 001rc\2662781
-- 2001#$aСеверо-Двинские роскопки проф. В.П. Амалицкого$eIII-$fАкад. наук СССР$v5
Системный номер (АБИС) связанной записи 5426388
Место публикации Ленинград
Дата публикации 1921-1931
Первые сведения об ответственности Акад. наук СССР
Имя издателя, распространителя и т.д. Изд-во Акад. наук СССР
Сведения, относящиеся к заглавию III-
Заглавие Северо-Двинские роскопки проф. В.П. Амалицкого
Номер тома 5
700 #1 - ИМЯ ЛИЦА - ПЕРВИЧНАЯ ОТВЕТСТВЕННОСТЬ
Начальный элемент ввода Амалицкий
Часть имени, кроме начального элемента ввода В.П.
801 #0 - ИСТОЧНИК ЗАПИСИ
Страна российская федерация
Организация NLR
Правила каталогизации psbo
801 #1 - ИСТОЧНИК ЗАПИСИ
Страна российская федерация
Организация ELAR
Источник данных rusmarc
852 ## - МЕСТОНАХОЖДЕНИЕ И ШИФР ХРАНЕНИЯ
Идентификатор организации NLR
Шифр хранения (Call Number) 37.59.2.59
852 ## - МЕСТОНАХОЖДЕНИЕ И ШИФР ХРАНЕНИЯ
Идентификатор организации NLR
Шифр хранения (Call Number) 31-19/381
942 ## - ДОПОЛНИТЕЛЬНЫЕ ЭЛЕМЕНТЫ ЗАПИСИ (АБИС)
Тип экземпляра АБИС Неопределено
980 ## - КОЛЛЕКЦИЯ
Название коллекции Национальная библиография

Нет доступных экземпляров.